000 00324nab a22001097u 4500
008 130520b1989 xxu||||| |||| 00| 0 spa d
041 _aspa
100 1 _aGebara, Ivone
_95375
245 0 0 _aMadre superiora y maternidad espiritual
_cIvone Gebara
773 0 _tConcilium
_gV.2,1989,págs.365-376
_x0210-1041
_wRev134
942 _cAR
999 _c355492
_d355492